00270nam a2200109Ia 4500100002200000654002100022245004400043260004300087082001000130300000800140546001200148 aPollack/Herman W  aTool Operations aManufacturing & Machine Tool Operations bPrentice Hall of IndiaaNewDelhic1974 a621.9 a593 aENGLISH